Câu hỏi và bài tập trắc nghiệm địa lí 10
সংরক্ষণ করুন:
| প্রধান লেখক: | |
|---|---|
| বিন্যাস: | গ্রন্থ |
| ট্যাগগুলো: |
ট্যাগ যুক্ত করুন
কোনো ট্যাগ নেই, প্রথমজন হিসাবে ট্যাগ করুন!
|
| Thư viện lưu trữ: | Mạng thư viện Đại học Đà Nẵng |
|---|
| LEADER | 00687nam a2200217 4500 | ||
|---|---|---|---|
| 001 | 000008788 | ||
| 003 | 4980 | ||
| 005 | 20150812140814.0 | ||
| 008 | 111021s sd | ||
| 100 | 0 | |a Nguyễn Trọng Phúc | |
| 245 | 0 | 0 | |a Câu hỏi và bài tập trắc nghiệm địa lí 10 |c Nguyễn Trọng Phúc |
| 774 | |a Nguyễn Trọng Phúc |d Đại học Sư phạm |d H. |d 2007 |g T.1 |h 72tr. |w 4979 | ||
| 774 | |d H. |d Đại học Sư phạm |d 2007 |g T.2 |h 55tr. |w 4986 | ||
| OWN | |a LSP | ||
| 999 | |a From the UDN01 | ||
| TYP | |a Monograph | ||
| TYP | |a Printed language | ||
| 980 | |a Mạng thư viện Đại học Đà Nẵng | ||